000 00826nam a2200289 a 4500
001 000110302
003 CHAP
005 20220329144126.0
008 140813s2013 it abd |r| ||||||eng d
010 _a106764
011 _a107736
020 _a9789251079270
040 _cCHAP
082 0 4 _a636.084
_bF21y
245 1 0 _aWorld livestock 2013 :
_bchanging disease landscapes.
260 _aRoma :
_bFAO,
_c2013.
300 _axiii, 111 :
_bil., diagrs., gráfs., mapas.
504 _aIncluye referencias bibliográficas
590 _aE5995AHE
_b05
_c20140813
_lUCH01
_h0911
650 1 4 _aAlimentos y alimentación del ganado
_94326
650 1 4 _aGanadería.
_944604
650 1 4 _aSeguridad alimentaria.
_9103673
650 1 4 _aSuministro de alimentación.
_9125605
901 _aBK
942 _cLIBRO
942 _n0
999 _c106764
_d106764